| 000 | 00901naa a22002777a 4500 | ||
|---|---|---|---|
| 001 | BR7904798 | ||
| 003 | BR-BrBNA | ||
| 005 | 20250716090235.0 | ||
| 007 | ta | ||
| 008 | 250630b bl.|||m| |||| 00| 0 por d | ||
| 040 |
_aBR-BrBNA _bpor _cBiblioteca Nacional de Agricultura |
||
| 041 | _a(Pt) | ||
| 072 |
_aF00 _b0170 _bG514 |
||
| 090 | _aF00 BR7904798 | ||
| 100 | 1 | _aSilva, N.L. da | |
| 100 | 1 | _aMelo, M.A. da R. | |
| 245 | 1 |
_aEnsaio nacional de sorgo granifero [Pratica cultural; Sorghum bicolor; Brasil] _bProjeto milho e sorgo |
|
| 500 | _aRelatorio tecnico 1978 Goiania, GO (Brasil): 1979. p. 123-124 (BR7904798-AMS) | ||
| 650 | _aProducao vegetal | ||
| 650 | _aSorgo granifero | ||
| 650 | _aPratica cultural | ||
| 650 | _aAdubacao | ||
| 490 | _aRelatorio Tecnico - Empresa Goiana de Pesquisa Agropecuaria (Brazil) | ||
| 942 |
_cAMS _2AGRIS |
||
| 909 |
_a202506 _bLúcia _c55 _dLúcia Elande |
||
| 999 |
_c333401 _d333401 |
||